Score 0/13 Timer 01:00
0 Plays Today
Hint 4-Letter Word % Correct
Opposite of slowFAST
99.1%
A period of time that has already occuredPAST
96.4%
Target of an exterminatorPEST
89.6%
An ill-mannered child, usually spoiledBRAT
88.2%
Dark reddish root vegetableBEET
84.7%
A true undisputed pointFACT
83.2%
'It's ___ real. See ya later!'BEEN
76.4%
To mix by stirringBEAT
76%
Michaels, the lead singer of PoisonBRET
75.7%
Soil-like material used for gardening and as fuelPEAT
75.7%
A set of falsehoodsLIES
69.3%
'Well' in SpanishBIEN
66.9%
A financial security based on a mortgageLIEN
59%

Today's Daily Dose

Remove Ads.
Support Sporcle.
Get the best of Sporcle when you Go Orange. This ad-free experience offers more features, more stats, and more fun while also helping to support Sporcle. Thank you for becoming a member.

You're not logged in!

Compare scores with friends on all Sporcle quizzes.
OR
Log In

Show Comments

Extras

Top Quizzes Today


Score Distribution

Your Account Isn't Verified!

In order to create a playlist on Sporcle, you need to verify the email address you used during registration. Go to your Sporcle Settings to finish the process.

Report this User

Report this user for behavior that violates our Community Guidelines.

Details: